MyGZULibrary

Atlas of head and neck pathology / (Record no. 10776)

MARC details
000 -LEADER
fixed length control field 01832cam a2200325 a 4500
001 - CONTROL NUMBER
control field 1562384
003 - CONTROL NUMBER IDENTIFIER
control field GZU
005 - DATE AND TIME OF LATEST TRANSACTION
control field 20221014094018.0
008 - FIXED-LENGTH DATA ELEMENTS--GENERAL INFORMATION
fixed length control field 921027s1993 paua b 001 0 eng c
010 ## - LIBRARY OF CONGRESS CONTROL NUMBER
LC control number 92048904
020 ## - INTERNATIONAL STANDARD BOOK NUMBER
International Standard Book Number 9781455733828
022 ## - INTERNATIONAL STANDARD SERIAL NUMBER
International Standard Serial Number 9781455733828
040 ## - CATALOGING SOURCE
Original cataloging agency DNLM/DLC
Transcribing agency DLC
Modifying agency DLC
050 00 - LIBRARY OF CONGRESS CALL NUMBER
Classification number RC936
Item number .WEN 2016
100 1# - MAIN ENTRY--PERSONAL NAME
Personal name Wenig, Bruce M.
Relator term author
245 10 - TITLE STATEMENT
Title Atlas of head and neck pathology /
Statement of responsibility, etc. Bruce M. Wenig.
250 ## - EDITION STATEMENT
Edition statement Third edition
260 ## - PUBLICATION, DISTRIBUTION, ETC.
Place of publication, distribution, etc. Philadelphia :
Name of publisher, distributor, etc. Elsevier,
Date of publication, distribution, etc. 2016.
300 ## - PHYSICAL DESCRIPTION
Extent viii, 1591 pages :
Other physical details illustrations (some coloured) ;
Dimensions 29 cm.
500 ## - GENERAL NOTE
General note Atlases
504 ## - BIBLIOGRAPHY, ETC. NOTE
Bibliography, etc. note Includes bibliographical references and index.
505 ## - FORMATTED CONTENTS NOTE
Formatted contents note Nasal Cavity and Paranasal Sinuses<br/>Oral cavity<br/>Pharynx including nasopharynx, and oropharynx, and hypopharynx<br/>The Neck<br/>Larynx and trachea<br/>Major and minor salivary glands<br/>External, middle and inner ear<br/>Thyroid gland<br/>Parathroid glands<br/>Multiple endocrine neoplasia (MEN) syndromes
520 ## - SUMMARY, ETC.
Summary, etc. Atlas of Head and Neck Pathology delivers authoritative, highly visual guidance for effectively and accurately diagnosing a wide range of head and neck problems. This comprehensive resource features extensive, high-quality images depicting the histologic, immunohistochemical, cytologic, and diagnostic imaging appearance of every type of head and neck pathology. With a consistent, practical organization and succinct, bulleted format, the Atlas continues to be the resource general pathologists and specialists count on for reliable, easy-to-find answers
650 #0 - SUBJECT ADDED ENTRY--TOPICAL TERM
Topical term or geographic name entry element Head
General subdivision Diseases
-- Atlases.
650 #0 - SUBJECT ADDED ENTRY--TOPICAL TERM
Topical term or geographic name entry element Neck
General subdivision Diseases
-- Atlases.
650 #2 - SUBJECT ADDED ENTRY--TOPICAL TERM
Topical term or geographic name entry element Head
General subdivision pathology
-- atlases.
650 #2 - SUBJECT ADDED ENTRY--TOPICAL TERM
Topical term or geographic name entry element Neck
General subdivision pathology
-- atlases.
906 ## - LOCAL DATA ELEMENT F, LDF (RLIN)
a 7
b cbc
c orignew
d 1
e ocip
f 19
g y-gencatlg
942 ## - ADDED ENTRY ELEMENTS (KOHA)
Source of classification or shelving scheme Library of Congress Classification
Koha item type Books
Edition Third edition
Classification part 936
Item part WEN
Call number prefix RC
Holdings
Withdrawn status Lost status Source of classification or shelving scheme Damaged status Not for loan Collection code Home library Current library Shelving location Date acquired Source of acquisition Total Checkouts Full call number Barcode Date last seen Copy number Price effective from Koha item type
    Library of Congress Classification     Non-fiction Medical Library Medical Library General Stacks 10/14/2022 Donation from ZIMCHE   RC936 WEN 2016 032622 10/14/2022 c. 1 10/14/2022 Books